000 00243nam a2200097Ia 4500
082 _aEF ROTE
245 0 _aOld city hall
100 _a ROTENBERG, Robert London, 2009
_981753
942 _cBK
008 210817s9999 xx 000 0 und d
999 _c387315
_d387314